| 000 | 00392nam a2200145 a 4500 | ||
|---|---|---|---|
| 005 | 20140412111424.0 | ||
| 008 | 080201s19uu xx 00 eng d | ||
| 020 | _a1-892051-05-2 | ||
| 050 |
_aREF 030 _bGu94 2000 |
||
| 245 | _aGuinness book of the 20th Century. | ||
| 250 | _aMellinnium Edition | ||
| 260 |
_aLondon : _bGuinness world records, _c2000. |
||
| 300 | _a480p. | ||
| 999 |
_c106157 _d106157 |
||